000 00706nam a2200289Ia 4500
005 20260324124027.0
008 008 260324s9999 xx 000 0 eng d
020 _a9781315594484
037 _aEBOOK
040 _aCRL
040 _beng
040 _cCRL
041 _2eng
041 _aeng
084 _qCRL
100 _aKaarina Nikunen; Elisabeth Eide
_91172574
245 0 _aMedia in Motion
245 0 _bCultural Complexity and Migration in the Nordic Region
260 _bTaylor and Francis
260 _c2011
365 _a
365 _b255
856 _uhttp://www.taylorfrancis.com/books/9781315594484
942 _cEBOOK
999 _c1766600
_d1766600